Physiologie de la génération de l'homme et des principaux êtres vivants... / (Record no. 157344)

MARC details
000 -LEADER
campo de control de longitud fija 00611nam a22001695i 4500
001 - NÚMERO DE CONTROL
campo de control 157344
003 - IDENTIFICADOR DE NÚMERO DE CONTROL
campo de control ES-MaACL
005 - FECHA Y HORA DE LA ÚLTIMA TRANSACCIÓN
campo de control 20230906210646.0
008 - DATOS DE LONGITUD FIJA--INFORMACIÓN GENERAL
campo de control de longitud fija 040806s1868 fr |||| | fre d
040 ## - FUENTE DE CATALOGACIÓN
Centro catalogador/agencia de origen CAM
Lengua de catalogación spa
Centro/agencia transcriptor CAM
100 1# - ENTRADA PRINCIPAL--NOMBRE DE PERSONA
Nombre de persona Le Bon, Gustave.
9 (RLIN) 70835
245 10 - MENCIÓN DEL TÍTULO
Título Physiologie de la génération de l'homme et des principaux êtres vivants... /
Mención de responsabilidad, etc. par Gustave Le Bon.
260 ## - PUBLICACIÓN, DISTRIBUCIÓN, ETC.
Lugar de publicación, distribución, etc. Paris :
Nombre del editor, distribuidor, etc. P. Lebigre-Duquesne, éditeur,
Fecha de publicación, distribución, etc. 1868 (
Fabricante Typ. de Rouge Frères, Dunon et Fresné)
300 ## - DESCRIPCIÓN FÍSICA
Extensión 413 p. :
Otras características físicas il. ;
Dimensiones 18 cm.
650 #4 - PUNTO DE ACCESO ADICIONAL DE MATERIA--TÉRMINO DE MATERIA
Término de materia o nombre geográfico como elemento de entrada Fisiología humana.
9 (RLIN) 12890
852 ## - LOCALIZACIÓN
Ubicación ES-MaACL
Número de control de estantería G-10921
Nota libre -- Enc. tela
Holdings
Estatus retirado Estado de pérdida Estado de daño No para préstamo Colección Biblioteca de origen Biblioteca actual Ubicación en estantería Fecha de adquisición Fuente de adquisición Total de préstamos Signatura topográfica completa Código de barras Visto por última vez Precio de reemplazo Tipo de ítem Koha
        Libros del s. XIX Biblioteca del Ateneo de Madrid Biblioteca del Ateneo de Madrid Sala Pecera Planta 3 17/01/2008     G-10921 1164660 23/02/2023 23/02/2023 Libro impreso antiguo